Normal view
MARC view
Entry Personal Name
001 - CONTROL NUMBER
- control field: 13032
003 - CONTROL NUMBER IDENTIFIER
- control field: OSt
005 - DATE AND TIME OF LATEST TRANSACTION
- control field: 20191108102602.0
008 - FIXED-LENGTH DATA ELEMENTS
- fixed length control field: 191108|| aca||aabn | a|a d
040 ## - CATALOGING SOURCE
- Original cataloging agency: OSt
- Transcribing agency: OSt
100 ## - HEADING--PERSONAL NAME
- Personal name: Edited by Jann, Hau; Steven J. Schapiro
670 ## - SOURCE DATA FOUND
- Source citation: Work cat.: (OSt): Edited by Jann, Hau; Steven J. Schapiro, Handbook of Animal Science, 2014
